000 00814nam a22002897a 4500
001 0164
003 DO-SdBNP
005 20180223151620.0
007 0164
008 151005b1989 sp 00| 0 spa d
020 _a8477123357 (obra completa)
020 _a847712342X (v. 7)
040 _aBPMSU
_bspa
_cBPMSU
092 _aXXXX
_bXXXX
245 0 0 _aAnimales salvajes /
_cequipo multilibro
260 _aBarcelona :
_bMultilibro,
_c1989.
300 _av. :
_c21 cm.
490 _aAnimales salvajes
500 _a
505 1 _gv.1 : El tigre -- v. 3 : El oso -- v. 4 :El león : v. 5 : La jirafa : v. 7 : El gorila
710 2 _aEquipo Multilibro
830 0 _aAnimales salvajes
910 _a202
942 _2ddc
_cBK
945 _aInventariado Infantil extranjero / 2018 VM
956 _aYLOCKWARD
_b10
_cBPMSU
999 _c8980
_d8980